Lives at the margin : (Record no. 14755)

MARC details
000 -LEADER
fixed length control field 007147070a2200205 4500
003 - CONTROL NUMBER IDENTIFIER
control field PILC
005 - DATE AND TIME OF LATEST TRANSACTION
control field 20160306163310.0
008 - FIXED-LENGTH DATA ELEMENTS--GENERAL INFORMATION
fixed length control field 160306|2000 xxu||||| |||| 00| 0 eng d
010 ## - LIBRARY OF CONGRESS CONTROL NUMBER
LC control number Acc#33901
020 ## - INTERNATIONAL STANDARD BOOK NUMBER
International Standard Book Number 9715503551
050 ## - LIBRARY OF CONGRESS CALL NUMBER
Classification number Fil CT 790
Item number M242 2000
040 ## - CATALOGING SOURCE
Transcribing agency Philippine Baptist Theological Seminary
245 ## - TITLE STATEMENT
Title Lives at the margin :
Remainder of title biography of Filipinos obscure, ordinary, and heroic /
Statement of responsibility, etc. edited by Alfred W. McCoy.
260 ## - PUBLICATION, DISTRIBUTION, ETC (IMPRINT)
Place of publication, distribution, etc. Quezon City, Phils. :
Name of publisher, distributor, etc. ADMU Press,
Date of publication, distribution, etc. c2000.
300 ## - PHYSICAL DESCRIPTION
Extent 481 p. ; 23 cm
500 ## - GENERAL NOTE
General note Published in cooperation with Univ. of Wisconsin-Madison for Southeast Asian Studies
650 ## - SUBJECT ADDED ENTRY--TOPICAL TERM
Topical term or geographic name as entry element PHILIPPINES
General subdivision BIOGRAPHY
700 ## - ADDED ENTRY--PERSONAL NAME
Personal name McCoy, Alfred W., ed
942 ## - ADDED ENTRY ELEMENTS (KOHA)
Koha item type Circulation Books
Source of classification or shelving scheme Library of Congress Classification
Holdings
Withdrawn status Lost status Source of classification or shelving scheme Damaged status Use restrictions Not for loan Home library Current library Shelving location Date acquired Source of acquisition Total Checkouts Full call number Barcode Date last seen Price effective from Koha item type
    Dewey Decimal Classification       PBTS Library PBTS Library Filipiniana Section 07/07/2004     Fil CT 790 M242 2000 33901 02/04/2026 04/02/2015 Circulation Books

Philippine Baptist Theological Seminary | 19 Tacay Road, Central Guisad, Baguio City 2600, Philippines